000 00711nam a22002177a 4500
999 _c7180
_d7180
001 7180
003 BD-JhCC
005 20180205183733.0
008 180205s2004 bg a|||| |||| 00| 0 ben d
035 _a(BD-JhCC)7180
040 _aBD-JhCC
_dBD-JhCC
041 _aben
082 _a891.4435
_bMUR 2004
100 _aমুরশিদ, গোলাম
245 _aযখন পলাতক মুক্তিযুদ্ধের দিনগুলি /
_cগোলাম মুরশিদ
260 _aঢাকা :
_bসাহিত্য প্রকাশ,
_c২০০৪.
300 _a১৯১ পৃ. :
_c২২ সেমি.
650 _aHistorical Novel
942 _2ddc
_cBK